[Event "15th LCC Super Rapid 2025"]
[Site "London ENG"]
[Date "2025.12.07"]
[Round "8.35"]
[White "Czopor, Maciej"]
[Black "Sadeghi, Hassan Roger"]
[Result "1-0"]
[WhiteTitle "IM"]
[BlackTitle "CM"]
[WhiteElo "2463"]
[BlackElo "2029"]
[WhiteFideId "21805431"]
[BlackFideId "1304712"]
[EventDate "2025.12.06"]

1. e4 e5 2. Nf3 Nc6 3. Bb5 a6 4. Ba4 Nf6 5. O-O Be7 6. Re1 b5 7. Bb3 d6 8. c3
Na5 9. Bc2 c5 10. d4 Qc7 11. d5 O-O 12. b3 Ne8 13. Nbd2 g6 14. Nf1 Nb7 15. a4
Rb8 16. axb5 axb5 17. Bh6 Ng7 18. Ra7 Bd8 19. Qe2 b4 20. cxb4 cxb4 21. Rea1 Bg4
22. Ne3 Bxf3 23. Qxf3 Qc3 24. Nc4 Qd4 25. Be3 Qc3 26. Bd2 Qd4 27. Qd3 Nc5 28.
Qxd4 exd4 29. Nxd6 d3 30. Bd1 Bf6 31. Rc1 Bd4 32. Rc7 Ne8 33. Nxe8 Rfxe8 34.
R7xc5 Bxc5 35. Rxc5 Rxe4 36. f3 Ree8 37. d6 Red8 38. Rd5 Rbc8 39. Rxd3 1-0

[Event "15th LCC Super Rapid 2025"]
[Site "London ENG"]
[Date "2025.12.07"]
[Round "8.36"]
[White "Makkar, Rajat"]
[Black "Allorant, Adrien"]
[Result "1/2-1/2"]
[WhiteTitle "IM"]
[WhiteElo "2395"]
[BlackElo "2068"]
[WhiteFideId "36016810"]
[BlackFideId "658707"]
[EventDate "2025.12.06"]

1. e4 c5 2. Nf3 g6 3. Bc4 Bg7 4. c3 e6 5. d4 cxd4 6. Bb3 Nc6 7. cxd4 d5 8. e5 f6
9. exf6 Nxf6 10. Nc3 O-O 11. O-O Nh5 12. Ne2 Rxf3 13. gxf3 Qh4 14. Be3 Bd7 15.
Ng3 Nxd4 16. Rc1 Rf8 17. Bxd4 Bxd4 18. Nxh5 gxh5 19. Qe2 Qf4 20. Rce1 Rf5 21.
Kh1 Be5 22. Rg1+ Kf7 23. Rg3 h4 24. Rh3 Bc6 25. Qe3 Kf6 26. Bc2 Qxe3 27. fxe3
Rh5 28. Rg1 d4 29. exd4 Bxd4 30. Rg4 Bxb2 31. Rf4+ Ke7 32. Rhxh4 Bxf3+ 33. Kg1
Rg5+ 34. Kf2 Bd5 35. Rxh7+ Kd6 36. Be4 Ke5 37. Bxd5 Kxf4 38. Bxe6 Bd4+ 39. Kf1
b5 40. h4 Rc5 41. Ke2 Re5+ 42. Kd3 Rxe6 43. Kxd4 Ra6 44. Kc5 Rxa2 45. Kxb5 Rh2 1/2-1/2

[Event "15th LCC Super Rapid 2025"]
[Site "London ENG"]
[Date "2025.12.07"]
[Round "8.37"]
[White "Jain, Gautam"]
[Black "Lohia, Sohum"]
[Result "0-1"]
[BlackTitle "IM"]
[WhiteElo "1988"]
[BlackElo "2391"]
[WhiteFideId "425311"]
[BlackFideId "5819369"]
[EventDate "2025.12.06"]

1. e4 e5 2. Nf3 Nc6 3. Nc3 Nf6 4. Be2 d5 5. d3 d4 6. Nb1 Be7 7. O-O O-O 8. Nbd2
Be6 9. Ng5 Bd7 10. f4 h6 11. Nh3 Bxh3 12. gxh3 exf4 13. Nc4 b5 14. Na3 a6 15.
Bxf4 Bd6 16. Qe1 Bxf4 17. Rxf4 Ne5 18. Qg3 Ng6 19. Rf5 Qd6 20. Raf1 Qxg3+ 21.
hxg3 Ne7 22. R5f2 Nd7 23. c3 c5 24. Nc2 Nc6 25. a3 a5 26. Rc1 Nde5 27. cxd4 cxd4
28. Ne1 Rfc8 29. Rc5 Rab8 30. Nf3 f6 31. Rf1 Nxf3+ 32. Bxf3 Ne5 33. Rd5 Rd8 34.
Rxd8+ Rxd8 35. Be2 Rc8 36. b4 a4 37. Kf2 Rc2 38. Rd1 Rc3 39. Ke1 Rxa3 40. Kd2
Rb3 41. Rc1 Rxb4 42. Rc8+ Kh7 43. Bd1 Rb2+ 44. Bc2 b4 45. Kc1 Ra2 46. Ra8 b3 47.
Bb1 Rg2 48. Rxa4 b2+ 49. Kd1 Nf3 0-1

[Event "15th LCC Super Rapid 2025"]
[Site "London ENG"]
[Date "2025.12.07"]
[Round "8.38"]
[White "Golding, Alex"]
[Black "Abhyuday, Santhosh"]
[Result "1/2-1/2"]
[WhiteTitle "IM"]
[BlackTitle "CM"]
[WhiteElo "2370"]
[BlackElo "2094"]
[WhiteFideId "427241"]
[BlackFideId "25624849"]
[EventDate "2025.12.06"]

1. f4 g6 2. Nf3 Bg7 3. e4 c5 4. Be2 Nc6 5. O-O d6 6. Kh1 f5 7. exf5 Bxf5 8. Nc3
Nh6 9. Bc4 Qd7 10. d3 O-O-O 11. Bb5 Kb8 12. Be3 Ng4 13. Bg1 e5 14. fxe5 Ngxe5
15. Nxe5 Bxe5 16. d4 cxd4 17. Bxd4 Bxd4 18. Bxc6 Qxc6 19. Qxd4 Rhe8 20. Rf2 Qc5
21. Qf4 Qe5 22. Qxe5 Rxe5 23. Kg1 Rde8 24. Rd2 Re1+ 25. Rxe1 Rxe1+ 26. Kf2 Rc1
27. Nb5 Rxc2 28. Rxc2 Bxc2 29. Nxd6 Kc7 30. Nb5+ Kb6 31. Nd4 Bb1 32. a3 Kc5 33.
Nb3+ Kd5 34. Ke3 b6 35. Nd2 Bf5 36. g3 a6 37. Nf3 Kc4 38. Kd2 Kd5 39. Ng5 h6 40.
Nf7 h5 41. Ng5 Kd4 42. Nf3+ Kd5 43. Ke3 Kc4 44. Nd2+ Kd5 45. h4 a5 46. Kf4 Kd4
47. Kg5 Kd3 48. Nf3 Ke4 49. Nd2+ Kd4 50. Nf3+ Ke4 51. Ne1 Ke3 52. Ng2+ Kf3 53.
Nf4 Kxg3 54. Nd5 b5 55. b4 axb4 56. axb4 Kf3 57. Ne7 Ke4 58. Nxg6 Bg4 59. Nf4
Kd4 60. Nxh5 Bd1 61. Nf6 Kc4 62. Ng4 Kxb4 63. h5 Bc2 64. Ne3 Bh7 65. Kf6 Ka3 66.
Nd5 b4 67. Nxb4 1/2-1/2

[Event "15th LCC Super Rapid 2025"]
[Site "London ENG"]
[Date "2025.12.07"]
[Round "8.39"]
[White "Palani Narendhranath"]
[Black "Mirzoeva, Elmira"]
[Result "0-1"]
[BlackTitle "WGM"]
[WhiteElo "1836"]
[BlackElo "2298"]
[WhiteFideId "46608680"]
[BlackFideId "4127951"]
[EventDate "2025.12.06"]

1. d4 d6 2. e4 Nf6 3. Nc3 Nbd7 4. f4 e5 5. dxe5 dxe5 6. f5 Bb4 7. Bg5 h6 8. Bxf6
Bxc3+ 9. bxc3 Qxf6 10. Nf3 Qc6 11. Qd3 O-O 12. Nd2 b6 13. Be2 Bb7 14. Bf3 Nc5
15. Qe3 Ba6 16. Be2 Bxe2 17. Qxe2 Na4 18. c4 Qc5 19. Nb3 Qb4+ 20. Kf2 Rad8 21.
a3 Qc3 22. Rhd1 Nb2 23. Rd5 c6 24. Qd2 Qxd2+ 25. Rxd2 Nxc4 26. Rd3 Nb2 27. Rd2
Rxd2+ 28. Nxd2 Rd8 29. Ke2 f6 30. a4 Rd4 31. c3 Rxa4 32. Rxa4 Nxa4 33. Kd3 Kf7
34. Kc4 Nb2+ 35. Kb3 Nd3 36. c4 Ke7 37. Kc3 Nc5 38. Kc2 Kd6 39. Kc3 a5 40. Kc2
Na4 41. Nb3 Nc5 42. Nd2 Nb7 43. Nb3 a4 44. Nd2 Kc5 45. Kc3 Nd6 46. g4 b5 47.
cxb5 cxb5 48. h4 b4+ 49. Kd3 b3 50. Nf3 Kb4 51. g5 hxg5 52. hxg5 a3 53. gxf6
gxf6 0-1

[Event "15th LCC Super Rapid 2025"]
[Site "London ENG"]
[Date "2025.12.07"]
[Round "8.40"]
[White "Ding, Yiwen"]
[Black "Hobson, Kenneth"]
[Result "0-1"]
[BlackTitle "FM"]
[WhiteElo "1914"]
[BlackElo "2307"]
[WhiteFideId "495980"]
[BlackFideId "480819"]
[EventDate "2025.12.06"]

1. d4 Nf6 2. c4 e6 3. Nf3 d5 4. Nc3 Bb4 5. e3 O-O 6. Bd3 b6 7. cxd5 exd5 8. O-O
Bb7 9. Bd2 c5 10. a3 Bxc3 11. Bxc3 c4 12. Bc2 Nc6 13. Ne5 b5 14. Qf3 a5 15. Rad1
Qe7 16. Qf5 Qe6 17. Qg5 h6 18. Qf4 Rfb8 19. Bf5 Qe7 20. Qh4 b4 21. axb4 axb4 22.
Nxc6 Bxc6 23. Bd2 Bd7 24. Bxd7 Qxd7 25. Ra1 Rxa1 26. Rxa1 Qc6 27. Qf4 Rb6 28. f3
c3 29. bxc3 bxc3 30. Bc1 c2 31. Qf5 g6 32. Qd3 Ne8 33. Kf2 Nd6 34. Ra2 Nc4 35.
Rxc2 Qa4 36. e4 Rb3 37. Qe2 Nd6 38. Be3 dxe4 39. fxe4 Nxe4+ 40. Kg1 Rxe3 41.
Rc8+ Kg7 0-1

[Event "15th LCC Super Rapid 2025"]
[Site "London ENG"]
[Date "2025.12.07"]
[Round "8.41"]
[White "Richardson, John R"]
[Black "Duke, Dillan"]
[Result "1-0"]
[WhiteTitle "FM"]
[WhiteElo "2224"]
[BlackElo "2031"]
[WhiteFideId "401617"]
[BlackFideId "487538"]
[EventDate "2025.12.06"]

1. d4 Nf6 2. c4 e6 3. Nc3 d5 4. Bg5 Be7 5. e3 O-O 6. Nf3 Nbd7 7. Rc1 c6 8. Bd3
dxc4 9. Bxc4 b5 10. Bd3 Bb7 11. O-O a6 12. a4 b4 13. Bxf6 Nxf6 14. Ne4 Nxe4 15.
Bxe4 Rc8 16. Ne5 Qd6 17. Qf3 f6 18. Nxc6 Bxc6 19. Bxc6 f5 20. Bb7 Rxc1 21. Rxc1
a5 22. Qc6 Rd8 23. f4 Kf7 24. Kf2 h6 25. Qxd6 Rxd6 26. Rc7 Kf6 27. Bf3 Bd8 28.
Rb7 Kg6 29. Ke2 Kf6 30. Kd3 g5 31. g3 gxf4 32. gxf4 Kg6 33. Kc4 Bb6 34. Kb5 Bxd4
35. exd4 Rxd4 36. Rb6 Kf7 37. Bh5+ Ke7 38. Rb7+ Kd6 39. Bf7 e5 40. fxe5+ Kxe5
41. Kxa5 f4 42. Bh5 Rd2 43. Rb5+ Kd4 44. Rxb4+ Ke3 45. h3 Rd5+ 46. Rb5 Rd1 47.
Bxd1 1-0

[Event "15th LCC Super Rapid 2025"]
[Site "London ENG"]
[Date "2025.12.07"]
[Round "8.42"]
[White "Buckley, Graeme N"]
[Black "Grose, Kameron"]
[Result "1-0"]
[WhiteTitle "IM"]
[WhiteElo "2256"]
[BlackElo "1986"]
[WhiteFideId "402265"]
[BlackFideId "474010"]
[EventDate "2025.12.06"]

1. e4 c5 2. Nf3 d6 3. Bb5+ Nd7 4. d4 cxd4 5. Nxd4 a6 6. Bd3 Ngf6 7. O-O e6 8. c4
Be7 9. Nc3 Qc7 10. f4 b6 11. Kh1 Bb7 12. Qe2 Rc8 13. Bd2 O-O 14. Rae1 Rfd8 15.
Nf3 Bf8 16. Ng5 d5 17. cxd5 exd5 18. e5 h6 19. Nxf7 Kxf7 20. exf6 Qc6 21. Qh5+
Kg8 22. f7+ Kh8 23. Qf5 Nf6 24. Re6 Rd6 25. Rxf6 1-0

[Event "15th LCC Super Rapid 2025"]
[Site "London ENG"]
[Date "2025.12.07"]
[Round "8.43"]
[White "Vaddadi, Seshagiri"]
[Black "Jumabayev, Rinat"]
[Result "0-1"]
[BlackTitle "GM"]
[WhiteElo "1990"]
[BlackElo "2560"]
[WhiteFideId "411183"]
[BlackFideId "13702661"]
[EventDate "2025.12.06"]

1. e4 c5 2. Nf3 e6 3. d4 cxd4 4. Nxd4 a6 5. Be2 Qc7 6. O-O Nf6 7. Nc3 Bb4 8. Qd3
d6 9. f4 Nbd7 10. Bf3 O-O 11. Bd2 e5 12. Nf5 exf4 13. Ne7+ Kh8 14. Ned5 Nxd5 15.
Nxd5 Qc5+ 16. Kh1 Bxd2 17. Qxd2 Ne5 18. Qxf4 Be6 19. Ne3 Ng6 20. b4 Qb6 21. Qg5
h6 22. Nd5 Qd4 23. Qe7 0-1

[Event "15th LCC Super Rapid 2025"]
[Site "London ENG"]
[Date "2025.12.07"]
[Round "8.45"]
[White "Ciolek, Andreas"]
[Black "Silva, Lourenco Santa Clara"]
[Result "0-1"]
[WhiteTitle "FM"]
[WhiteElo "2206"]
[BlackElo "1992"]
[WhiteFideId "12906727"]
[BlackFideId "1971344"]
[EventDate "2025.12.06"]

1. e4 c5 2. Nf3 d6 3. d4 cxd4 4. Nxd4 Nf6 5. Nc3 a6 6. Bc4 e6 7. Be3 b5 8. Bb3
Bb7 9. Qe2 Nbd7 10. f3 Nc5 11. O-O-O Qc7 12. Kb1 Be7 13. g4 Nfd7 14. a3 Nxb3 15.
cxb3 O-O 16. h4 Nb6 17. Qh2 Rac8 18. g5 d5 19. Qxc7 Rxc7 20. Ndxb5 axb5 21. Bxb6
Rc6 22. Be3 Bxa3 23. exd5 exd5 24. Nxb5 Be7 25. Nd4 Ra6 26. Nf5 Bb4 27. Bd4 Rfa8
28. Nxg7 Bc6 29. Nf5 Bb5 30. Ne3 Bd3+ 31. Rxd3 Ra1+ 32. Kc2 Rxh1 33. Bc3 Bxc3
34. Kxc3 Rxh4 35. Rxd5 Rc8+ 36. Kd3 Rb4 37. Nf5 Rxb3+ 38. Ke4 Kf8 39. Rd7 Rb4+
40. Ke5 Re8+ 41. Kd6 Rxb2 42. Nh6 Rd2+ 43. Kc7 Rxd7+ 44. Kxd7 Re3 45. Kd6 Rxf3
46. Ke5 Rf1 47. Nf5 Rf2 48. Kf6 Ra2 49. Ne3 Ra6+ 50. Kf5 Kg7 51. Ng2 Ra5+ 52.
Kf4 Rb5 53. Nh4 Rb4+ 54. Kg3 Kf8 55. Nf5 Ke8 56. Ne3 Kd7 57. Nd5 Rb3+ 58. Kg4
Ke6 59. Nf6 h6 60. Ne4 Rb4 61. gxh6 f5+ 62. Kg5 fxe4 63. h7 Rb8 0-1

[Event "15th LCC Super Rapid 2025"]
[Site "London ENG"]
[Date "2025.12.07"]
[Round "8.46"]
[White "Sommerbauer-Cornell, Ben"]
[Black "Bhattacharjee, Sourav"]
[Result "1-0"]
[WhiteElo "1985"]
[BlackElo "2167"]
[WhiteFideId "494712"]
[BlackFideId "1048090"]
[EventDate "2025.12.06"]

1. e4 c5 2. d4 cxd4 3. c3 d3 4. Bxd3 Nc6 5. c4 g6 6. Nf3 Bg7 7. O-O d6 8. h3 Nf6
9. Nc3 Be6 10. Be3 O-O 11. Rc1 Nd7 12. b3 Qa5 13. Qd2 Nc5 14. Bb1 Nb4 15. Nd5
Bxd5 16. exd5 Qa3 17. Bd4 a5 18. Rfe1 a4 19. Bxg7 Kxg7 20. Rc3 axb3 21. axb3
Rae8 22. Nd4 f6 23. Rg3 Rg8 24. Bxg6 hxg6 25. Nf5+ Kf7 26. Qh6 g5 27. Qh7+ Kf8
28. Nh6 1-0

[Event "15th LCC Super Rapid 2025"]
[Site "London ENG"]
[Date "2025.12.07"]
[Round "8.47"]
[White "Eggink, Mateusz"]
[Black "Heaton, Paul"]
[Result "1-0"]
[WhiteElo "2119"]
[BlackElo "1978"]
[WhiteFideId "1135490"]
[BlackFideId "411116"]
[EventDate "2025.12.06"]

1. d4 Nf6 2. Nf3 g6 3. g3 Bg7 4. Bg2 O-O 5. O-O d6 6. Nc3 Nbd7 7. e4 e5 8. h3
Re8 9. Re1 c6 10. a4 Qc7 11. Be3 Nf8 12. Qd2 Ne6 13. Rad1 exd4 14. Nxd4 Nc5 15.
Bf4 Nh5 16. Bh6 Bh8 17. Nde2 Nf6 18. Qxd6 Qxd6 19. Rxd6 Ncxe4 20. Nxe4 Nxe4 21.
Bxe4 Bxh3 22. Bg2 Bxg2 23. Kxg2 Bxb2 24. Be3 Re4 25. a5 Rc4 26. Rd7 b6 27. Rb1
Rxc2 28. Rd2 Rxd2 29. Bxd2 Re8 30. Rxb2 Rxe2 31. axb6 axb6 32. Kf3 Re6 33. Rxb6
h5 34. Bc3 f6 35. Rb7 Rd6 36. Kf4 c5 37. Rc7 Rd5 38. Ke4 Rf5 39. f4 Kf8 40. Bb2
Ke8 41. Rg7 c4 42. Rxg6 Rc5 43. Rxf6 c3 44. Bc1 Rb5 45. Rc6 Rb3 46. Kd3 c2+ 47.
Rc3 1-0

[Event "15th LCC Super Rapid 2025"]
[Site "London ENG"]
[Date "2025.12.07"]
[Round "8.48"]
[White "Zhao, George"]
[Black "Vaidyanathan, Adithya"]
[Result "0-1"]
[WhiteTitle "CM"]
[WhiteElo "2113"]
[BlackElo "2129"]
[WhiteFideId "494607"]
[BlackFideId "495450"]
[EventDate "2025.12.06"]

1. d4 d5 2. c4 e6 3. Nf3 c6 4. e3 Nf6 5. Bd3 Nbd7 6. O-O Bd6 7. a4 a5 8. Nbd2
O-O 9. e4 dxe4 10. Nxe4 Nxe4 11. Bxe4 Nf6 12. Bc2 c5 13. Bg5 h6 14. Bh4 cxd4 15.
Qd3 Re8 16. Nxd4 Be5 17. Rad1 g5 18. Bg3 Qxd4 19. Qe2 Qg4 20. Qxe5 Nd7 21. Rxd7
Bxd7 22. Qf6 e5 23. Qxh6 e4 24. Qf6 Ra6 25. Qd4 e3 26. Qd3 e2 27. Qh7+ Kf8 28.
Qh8+ Ke7 29. Qe5+ Re6 30. Qc5+ Kf6 31. Re1 b6 32. Qc7 Qd4 33. h3 Bc6 34. Bb3 Qc5
35. Kh2 Qb4 36. f4 Qxb3 37. fxg5+ Kg7 38. Qf4 Qxb2 39. h4 Re4 40. Qd6 Qd4 41.
Qh6+ Kg8 42. g6 Qg7 43. gxf7+ Qxf7 44. Qxc6 Rxc4 45. Qxb6 Rxa4 46. Qb5 Rae4 47.
Qg5+ Qg7 48. Qd5+ Kh8 49. Qxa5 Qh6 50. Qc3+ Kh7 51. Qc7+ R8e7 52. Qc3 Re3 53.
Qc2+ Qg6 54. Qxg6+ Kxg6 55. Bf2 R3e4 56. Kg3 Kf5 57. Kf3 Rf4+ 58. Kg3 Rg7+ 59.
Kh3 Rxf2 60. h5 Kf4 61. Ra1 Rf1 62. Ra4+ Ke5 63. Ra5+ Kd4 64. Ra4+ Kc5 65. Rg4
Rh1+ 66. Kg3 e1=Q+ 67. Kf3 Qd1+ 68. Kf2 Rf1+ 69. Ke3 Rxg4 70. h6 Rg8 71. h7 Re8# 0-1

[Event "15th LCC Super Rapid 2025"]
[Site "London ENG"]
[Date "2025.12.07"]
[Round "8.49"]
[White "Shafi, Declan"]
[Black "Lee, Yuk Hei"]
[Result "1-0"]
[WhiteElo "2162"]
[BlackElo "1883"]
[WhiteFideId "2405156"]
[BlackFideId "343411061"]
[EventDate "2025.12.06"]

1. d4 d5 2. c4 c6 3. Nf3 Nf6 4. Qc2 g6 5. Bf4 Bg7 6. e3 Bf5 7. Qb3 Qb6 8. Nc3
Nbd7 9. Be2 O-O 10. O-O h6 11. h3 Rac8 12. Ne5 Be6 13. Nxd7 Bxd7 14. cxd5 cxd5
15. Nxd5 Nxd5 16. Qxd5 Be6 17. Qb5 g5 18. Bg3 Rc2 19. b3 Qxb5 20. Bxb5 Rfc8 21.
Bd3 R2c3 22. Be4 b5 23. Rad1 b4 24. Bb7 Rd8 25. Rc1 Bc8 26. Bc6 Ba6 27. Rxc3
Bxf1 28. Rc5 Bd3 29. Bc7 Rc8 30. Bb7 Rf8 31. Ra5 a6 32. Bxa6 Bxa6 33. Rxa6 Rc8
34. Rc6 e6 35. Rc4 Bf8 36. e4 Ra8 37. Be5 Kh7 38. Rc2 Rd8 39. Rd2 Kg6 40. d5 f6
41. Bc7 Rd7 42. d6 e5 43. Kf1 Kf7 44. Ba5 Rxd6 45. Bxb4 Rc6 46. Bxf8 Kxf8 47.
Ke2 Ke7 48. f3 Ke6 49. b4 f5 50. exf5+ Kxf5 51. b5 Rc4 52. Rb2 e4 53. b6 exf3+
54. Kxf3 Rc3+ 1-0

[Event "15th LCC Super Rapid 2025"]
[Site "London ENG"]
[Date "2025.12.07"]
[Round "8.50"]
[White "Blake, J Morgan"]
[Black "Josse, Mark"]
[Result "0-1"]
[WhiteTitle "CM"]
[BlackTitle "CM"]
[WhiteElo "2065"]
[BlackElo "2107"]
[WhiteFideId "423394"]
[BlackFideId "414476"]
[EventDate "2025.12.06"]

1. d4 d5 2. Nf3 Nf6 3. c4 e6 4. Nc3 Be7 5. Bg5 Nbd7 6. e3 h6 7. Bh4 O-O 8. cxd5
exd5 9. Bd3 c6 10. O-O Re8 11. Qc2 Ne4 12. Bxe7 Qxe7 13. Rab1 a5 14. a3 Ndf6 15.
Ne5 Bf5 16. b4 axb4 17. axb4 Ra3 18. Nxe4 Bxe4 19. Bxe4 Nxe4 20. Nd3 Rea8 21. b5
Nc3 22. bxc6 Nxb1 23. Qxb1 bxc6 24. h3 Qe4 25. Ne5 Qxb1 26. Rxb1 Ra1 27. Rxa1
Rxa1+ 28. Kh2 Rc1 29. Kg3 f6 30. Nd3 Rc3 31. Nf4 g5 32. Nh5 Kf7 33. Kg4 Rc2 34.
Kf3 Kg6 35. g4 f5 36. Ng3 f4 37. Nf5 fxe3 38. fxe3 h5 39. e4 Rc3+ 40. Ne3 Rd3
41. exd5 cxd5 42. gxh5+ Kxh5 43. Ke2 Rxd4 44. Nf5 Rf4 45. Ne3 Re4 46. Kf3 Rxe3+ 0-1

[Event "15th LCC Super Rapid 2025"]
[Site "London ENG"]
[Date "2025.12.07"]
[Round "8.51"]
[White "Li, Harvey"]
[Black "Dasgupta, Avyukt"]
[Result "0-1"]
[BlackTitle "CM"]
[WhiteElo "1878"]
[BlackElo "2145"]
[WhiteFideId "343407790"]
[BlackFideId "480630"]
[EventDate "2025.12.06"]

1. d4 d5 2. c4 c6 3. Nf3 Nf6 4. Qc2 g6 5. Bf4 Bf5 6. Qb3 Qb6 7. e3 Qxb3 8. axb3
Bxb1 9. Rxb1 e6 10. Bd3 Nbd7 11. O-O Bg7 12. Bd6 Bf8 13. Bxf8 Kxf8 14. c5 Kg7
15. b4 a6 16. Rfe1 Rhe8 17. Nd2 e5 18. f3 Nf8 19. dxe5 Rxe5 20. e4 dxe4 21. fxe4
Rd8 22. Nc4 Re7 23. Nd6 Ng4 24. Rbd1 Ne5 25. Bc2 Rdd7 26. Nc8 Re8 27. Rxd7 Nfxd7
28. Nd6 Rb8 29. Bb3 b6 30. cxb6 Rxb6 31. Rf1 Nf6 32. Nc4 Nxc4 33. Bxc4 Rxb4 34.
b3 a5 35. e5 Nd5 36. Ra1 Nb6 37. Rxa5 Nxc4 38. bxc4 Rxc4 39. Kf2 h6 40. Ra7 Kf8
41. Kf3 c5 42. g3 Rc3+ 43. Ke4 Rc2 44. Rc7 Kg7 45. h3 Kf8 46. Kf4 Rc3 47. h4 Rc1
48. Ke3 c4 49. Kd2 Rg1 50. Rxc4 Rxg3 51. Rf4 Ke7 52. Ke2 h5 53. Kf2 Ra3 54. Kg2
Re3 55. Kf2 Rxe5 56. Kg3 Ke6 57. Rf1 Re3+ 58. Kh2 f6 59. Rd1 Re4 60. Kg3 Ke5 61.
Rd8 Re3+ 62. Kg2 Kf5 63. Rg8 Ra3 64. Rg7 g5 65. hxg5 fxg5 66. Kh1 h4 67. Rb7 Re3
68. Rf7+ Kg4 69. Rf1 h3 70. Rg1+ Kh4 71. Ra1 g4 72. Ra4 Kg3 73. Ra1 Rf3 74. Rg1+
Kf4 75. Kh2 Rf2+ 76. Kh1 g3 77. Rb1 g2+ 78. Kh2 Rf1 79. Rxf1+ gxf1=R 80. Kxh3
Rg1 81. Kh2 Rg8 82. Kh1 0-1

[Event "15th LCC Super Rapid 2025"]
[Site "London ENG"]
[Date "2025.12.07"]
[Round "8.52"]
[White "Sasitharan, Abhiram"]
[Black "Gurevich, Artjom"]
[Result "0-1"]
[WhiteTitle "FM"]
[WhiteElo "1948"]
[BlackElo "2163"]
[WhiteFideId "11301155"]
[BlackFideId "2603870"]
[EventDate "2025.12.06"]

1. d4 d5 2. c4 e6 3. Nf3 c5 4. Nc3 cxd4 5. Nxd4 e5 6. Nf3 d4 7. Nxe5 dxc3 8.
Qxd8+ Kxd8 9. Nxf7+ Ke8 10. Nxh8 Bb4 11. Kd1 Bf5 12. e3 Nc6 13. a3 Rd8+ 14. Ke2
cxb2 15. Bxb2 Bg4+ 16. f3 Rd2+ 17. Ke1 Ba5 18. fxg4 Rxb2+ 19. Kd1 Nf6 20. Kc1
Rd2 21. Rb1 b6 22. Rb2 Rd8 23. Be2 Ke7 24. g5 Nd7 25. g6 Rxh8 26. gxh7 Rxh7 27.
Bd3 Rh8 28. Rf2 Nce5 29. Be2 Rc8 30. Rf4 g5 31. Rd4 Bc3 32. Rd5 Nxc4 33. Bxc4
Rxc4 34. Kc2 Bf6+ 35. Kb3 0-1

[Event "15th LCC Super Rapid 2025"]
[Site "London ENG"]
[Date "2025.12.07"]
[Round "8.53"]
[White "Kuhendiran, Tharshan"]
[Black "Kapechun, Mikhailo"]
[Result "0-1"]
[WhiteElo "1884"]
[BlackElo "2174"]
[WhiteFideId "423777"]
[BlackFideId "34147527"]
[EventDate "2025.12.06"]

1. f4 Nh6 2. Nf3 g6 3. e3 Bg7 4. Be2 d5 5. O-O O-O 6. d4 Bg4 7. Ne5 Bxe2 8. Qxe2
c6 9. Nd2 f6 10. Nd3 Nd7 11. c3 e5 12. fxe5 fxe5 13. Rxf8+ Qxf8 14. dxe5 Re8 15.
e4 Nxe5 16. Nf2 Qc5 17. Nb3 Qc4 18. Qxc4 dxc4 19. Nd4 Nd3 20. Nxd3 cxd3 21. Bxh6
Bxh6 22. Rd1 d2 23. Nf3 Rxe4 24. Kf2 a5 25. Nxd2 Re5 26. Nf3 Rb5 27. b3 Bf8 28.
Rd7 a4 29. bxa4 Rb2+ 30. Kg3 Rxa2 31. Rxb7 Rxa4 32. Nd4 Rc4 33. Ne2 Bd6+ 34. Kf3
Be5 35. Rb3 Kf7 36. g3 h5 37. Ke3 h4 38. Kd3 Rc5 39. Rb7+ Kf6 40. Rh7 hxg3 41.
hxg3 Kg5 42. Re7 Kg4 43. Re6 g5 44. Nd4 Kxg3 45. Rxc6 Bxd4 0-1

[Event "15th LCC Super Rapid 2025"]
[Site "London ENG"]
[Date "2025.12.07"]
[Round "8.54"]
[White "Yu, Rock"]
[Black "Alizada, Eldar"]
[Result "1/2-1/2"]
[WhiteElo "2055"]
[BlackElo "1976"]
[WhiteFideId "489000"]
[BlackFideId "464104"]
[EventDate "2025.12.06"]

1. e4 e6 2. d4 d5 3. Nc3 dxe4 4. Nxe4 Nd7 5. Bd3 Ngf6 6. Qe2 Be7 7. Nf3 O-O 8.
c3 b6 9. Bf4 Bb7 10. O-O-O Nxe4 11. Bxe4 Bxe4 12. Qxe4 Nf6 13. Qc2 Qd5 14. Kb1
c5 15. dxc5 Qxc5 16. Rhe1 Rfd8 17. Be3 Qc7 18. Bd4 Nd5 19. Be5 Bd6 20. Bxd6 Rxd6
21. Ng5 1/2-1/2

[Event "15th LCC Super Rapid 2025"]
[Site "London ENG"]
[Date "2025.12.07"]
[Round "8.55"]
[White "Sanitt, Ethan"]
[Black "Larchikov, Maksym"]
[Result "0-1"]
[WhiteElo "2113"]
[BlackElo "2149"]
[WhiteFideId "427462"]
[BlackFideId "34120815"]
[EventDate "2025.12.06"]

1. c4 e6 2. g3 d5 3. Bg2 Nf6 4. Nf3 Be7 5. O-O O-O 6. b3 c5 7. Bb2 Nc6 8. e3
dxc4 9. bxc4 Qb6 10. Qc1 Nb4 11. Ne1 Bd7 12. Nc3 Bc6 13. f3 Rfd8 14. Rb1 Qa6 15.
a3 Nd3 16. Nxd3 Rxd3 17. Rf2 Qxc4 18. Bf1 Rad8 19. e4 h5 20. Qc2 h4 21. Re1 hxg3
22. hxg3 Qa6 23. Nd5 exd5 24. Bxd3 c4 25. Bf1 Bc5 26. d4 Bf8 27. e5 Nh5 28. Kg2
Bd7 29. Be2 g6 30. Bd1 Rc8 31. a4 c3 32. Bc1 Qc4 33. e6 Be8 34. Be3 Bd6 35. f4
Nf6 36. f5 Ne4 37. fxg6 fxg6 38. Rh1 Rc7 39. Rf4 Bxf4 40. Bxf4 Rh7 41. Rf1 Qc6
42. Bf3 Qxe6 43. Bxe4 dxe4 44. Qxc3 e3 45. Be5 Bc6+ 46. Rf3 Qa2+ 47. Kg1 Qh2+
48. Kf1 Qh1+ 49. Ke2 Qxf3+ 50. Kd3 e2+ 0-1

[Event "15th LCC Super Rapid 2025"]
[Site "London ENG"]
[Date "2025.12.07"]
[Round "8.56"]
[White "Lau, Lut Yin Luke"]
[Black "Sagues, Vincent"]
[Result "1-0"]
[WhiteTitle "CM"]
[WhiteElo "2243"]
[BlackElo "1950"]
[WhiteFideId "6002226"]
[BlackFideId "625680"]
[EventDate "2025.12.06"]

1. Nf3 d5 2. g3 Nf6 3. Bg2 Bf5 4. O-O e6 5. d3 h6 6. Nbd2 Be7 7. Qe1 Bh7 8. e4
O-O 9. Qe2 c5 10. c3 Nc6 11. a3 Qd7 12. e5 Ne8 13. Ne1 f5 14. exf6 Nxf6 15. f4
Bd6 16. Nef3 Rae8 17. Ne5 Qc7 18. Ndf3 Nd7 19. Nxd7 Qxd7 20. Be3 b6 21. Rae1 e5
22. fxe5 Nxe5 23. Nxe5 Rxf1+ 24. Qxf1 Bxe5 25. Qf3 d4 26. Qd5+ Qxd5 27. Bxd5+
Kf8 28. Rf1+ Bf6 29. Bxh6 Ke7 30. Bxg7 Bxg7 31. Rf7+ Kd6 32. Rxg7 Bxd3 33. Bf3
Be2 34. Rg6+ Kc7 35. Rg7+ Kd6 36. Rg6+ Kc7 37. Bc6 Rd8 38. cxd4 cxd4 39. Ba4 d3
40. Kf2 b5 41. Bxb5 Rf8+ 42. Ke3 Rf3+ 43. Kd2 Rf2 44. Rg7+ Kb6 45. Bxd3 Bxd3+
46. Kxd3 Rxh2 47. Kc3 a5 48. b3 Rf2 49. a4 Rf3+ 50. Kc4 Re3 51. Rg6+ Kb7 52. Rg5
Rf3 53. Rxa5 Rxg3 54. Rd5 Rg4+ 55. Rd4 Rg1 56. Kc5 Rc1+ 57. Kb5 Rh1 58. Rd7+ Kb8
59. b4 Rh5+ 60. Kc6 Rh6+ 61. Rd6 Rh4 62. b5 Rxa4 63. Rd8+ Ka7 64. b6+ Ka6 65.
Ra8# 1-0